NBA Eastern Conference Playoff Rosters (2025) - Statistics

General Stats
  • This quiz has been taken 15 times
  • The average score is 58 of 108
Answer Stats
GP # Answer % Correct
5 10 Darius Garland
100%
4 45 Davion Mitchell
100%
9 45 Donovan Mitchell
100%
8 4 Evan Mobley
100%
9 31 Jarrett Allen
100%
9 1 Max Strus
100%
9 32 Dean Wade
89%
11 9 Derrick White
89%
11 7 Jaylen Brown
89%
8 0 Jayson Tatum
89%
8 4 Jrue Holiday
89%
11 8 Kristaps Porziņģis
89%
11 11 Payton Pritchard
89%
23 23 Aaron Nesmith
78%
11 42 Al Horford
78%
23 2 Andrew Nembhard
78%
22 00 Bennedict Mathurin
78%
6 9 Craig Porter Jr.
78%
3 0 Damian Lillard
78%
4 55 Duncan Robinson
78%
18 11 Jalen Brunson
78%
5 27 Jordan Walsh
78%
18 3 Josh Hart
78%
18 32 Karl Anthony-Towns
78%
18 25 Mikal Bridges
78%
18 23 Mitchell Robinson
78%
23 33 Myles Turner
78%
4 88 Neemias Queta
78%
18 8 OG Anunoby
78%
23 43 Pascal Siakam
78%
23 0 Tyrese Haliburton
78%
4 13 Bam Adebayo
67%
5 9 Bobby Portis
67%
5 11 Brook Lopez
67%
6 2 Cade Cunningham
67%
5 22 Franz Wagner
67%
5 14 Gary Harris
67%
5 34 Giannis Antetokounmpo
67%
6 0 Jalen Duren
67%
11 40 Luke Kornet
67%
5 5 Paolo Banchero
67%
8 30 Sam Hauser
67%
6 12 Tobias Harris
67%
5 34 Wendell Carter Jr.
67%
5 20 A.J. Green
56%
6 9 Ausar Thompson
56%
8 12 De'Andre Hunter
56%
6 8 Javonte Green
56%
4 7 Kel'el Ware
56%
5 18 Kyle Kuzma
56%
23 1 Obi Toppin
56%
8 5 Sam Merrill
56%
20 3 Thomas Bryant
56%
23 9 T.J. McConnell
56%
3 13 Tristan Thompson
56%
9 2 Ty Jerome
56%
4 14 Tyler Herro
56%
2 44 Andre Jackson Jr.
44%
4 22 Andrew Wiggins
44%
5 0 Anthony Black
44%
21 26 Ben Sheppard
44%
5 5 Gary Trent Jr.
44%
3 35 Goga Bitadze
44%
1 28 Isaiah Stewart
44%
3 11 Jamie Jaquez Jr.
44%
12 5 Jarace Walker
44%
18 2 Miles McBride
44%
4 5 Nikola Jović
44%
3 13 Ryan Rollins
44%
3 13 Tyler Kolek
44%
1 26 Xavier Tillman
44%
3 55 Ariel Hukporti
33%
4 55 Baylor Scheierman
33%
14 1 Cameron Payne
33%
5 50 Cole Anthony
33%
5 10 Cory Joseph
33%
6 17 Dennis Schröder
33%
9 35 Isaac Okoro
33%
5 16 James Johnson
33%
4 24 Jaylon Tyson
33%
5 00 Jericho Sims
33%
11 12 Johnny Furphy
33%
5 3 Kentavious Caldwell-Pope
33%
2 16 Keshad Johnson
33%
11 44 Landry Shamet
33%
6 5 Malik Beasley
33%
3 24 Pat Connaughton
33%
1 17 P.J. Tucker
33%
6 8 Tim Hardaway Jr.
33%
11 13 Tony Bradley
33%
2 23 Tristan Da Silva
33%
1 18 Alec Burks
22%
5 2 Caleb Houstan
22%
2 7 Chris Livingston
22%
3 18 Chuma Okeke
22%
6 0 Delon Wright
22%
1 13 Jett Howard
22%
5 1 Johnathan Isaac
22%
2 4 Pacôme Dadiet
22%
5 7 Paul Reed
22%
4 9 Pelle Larsson
22%
8 5 Precious Achiuwa
22%
5 00 Ron Holland II
22%
5 12 Taurean Prince
22%
5 12 Torrey Craig
22%
4 24 Haywood Highsmith
11%
4 20 JD Davison
11%
2 20 Kyle Anderson
11%
No matching quizzes found
Score Distribution
Percent of People with Each Score
Percentile by Number Answered
Your Score History
You have not taken this quiz